| 000 | 00837nam a2200229Ii 4500 | ||
|---|---|---|---|
| 003 | JO-AjNU | ||
| 008 | 230605s9999||||xx |||||||||||||| ||und|| | ||
| 017 | _a2009/2365 | ||
| 020 | _a977-17-8076-X | ||
| 040 |
_aJO-AjNU _bara _erda _cJO-AjNU |
||
| 041 | _aara | ||
| 050 | 1 | 4 | _aHD60.J23.2010 |
| 100 | 3 |
_aجادالرب، سيد محمد, _eauthor _944053 |
|
| 245 | 0 | 0 | _aالاخلاقيات التنظيمة والمسئولية الاجتماعية في منظمات الاعمال العصرية |
| 264 | 3 | 1 | _aالاسكندرية:المؤلف،2010 |
| 300 | _a610ص | ||
| 336 |
_atext _btxt _2rdacontent |
||
| 337 |
_aunmediated _bn _2rdamedia |
||
| 338 |
_avolume _bnc _2rdacarrier |
||
| 490 | 0 | _aمراجع ادارة الاعمال | |
| 650 | 4 |
_aالمسئولية الاجتماعية-الأخلاق الإدارية _944054 |
|
| 999 |
_aA18989 _c22557 _d22557 |
||